Loading...
| Science - Other | 2 | 5 | 2 | 2 | 70 | 39 | 93.29 | 2 | 2 | 12.52 | 20.10 |
| Science - Physics | 1 | 3 | 0 | 0 | 45 | 36 | 101.75 | 0 | 1 | 10.87 | 25.55 |
| Beliefs | 2 | 2 | 2 | 0 | 40 | 51 | 79.25 | 2 | 3 | 7.91 | 15.00 |
| History - American | 1 | 2 | 0 | 0 | 35 | 77 | 89.00 | 0 | 2 | 7.19 | 14.52 |
| Literature - American | 0 | 3 | 0 | 1 | 30 | 102 | 116.67 | 1 | 1 | 3.74 | 10.36 |
| Literature - World | 0 | 3 | 0 | 1 | 30 | 139 | 142.00 | 0 | 1 | 0.59 | 7.74 |
| Science - Chemistry | 0 | 2 | 0 | 0 | 20 | 110 | 119.00 | 0 | 0 | 0.81 | 7.02 |
| Literature - British | 0 | 1 | 0 | 0 | 10 | 138 | 138.00 | 0 | 0 | 0.30 | 3.57 |
| Other Academic | 0 | 1 | 0 | 0 | 10 | 134 | 134.00 | 0 | 0 | 0.11 | 7.14 |
| Philosophy | 0 | 3 | 4 | 0 | 10 | 94 | 100.67 | 0 | 0 | 4.47 | 13.93 |
| Science - Biology | 0 | 1 | 0 | 1 | 10 | 122 | 122.00 | 0 | 0 | 0.06 | 2.14 |
| History - European | 0 | 1 | 1 | 0 | 5 | 132 | 132.00 | 0 | 0 | 0.60 | 2.14 |
| History - World | 0 | 1 | 1 | 0 | 5 | 104 | 104.00 | 0 | 0 | 1.43 | 2.86 |
| Geography | 0 | 0 | 0 | 0 | 0 | 0.00 | 0 | 0 | 0.00 | 0.00 | |
| Fine Arts - Classical Music and Opera | 0 | 0 | 0 | 0 | 0 | 0.00 | 0 | 0 | 0.00 | 0.00 | |
| Visual Arts | 0 | 0 | 1 | 0 | -5 | 0.00 | 0 | 0 | 0.00 | 0.00 | |
| Literature - European | 0 | 0 | 1 | 0 | -5 | 0.00 | 0 | 0 | 0.00 | 0.00 | |
| Fine Arts - Other Arts | 0 | 0 | 1 | 0 | -5 | 0.00 | 0 | 0 | 0.00 | 0.00 | |
| History - Other | 0 | 0 | 1 | 0 | -5 | 0.00 | 0 | 0 | 0.00 | 0.00 | |
| History - Ancient | 0 | 0 | 1 | 0 | -5 | 0.00 | 0 | 0 | 0.00 | 0.00 | |
| Social Science | 0 | 1 | 4 | 0 | -10 | 112 | 112.00 | 0 | 0 | 0.24 | 0.79 |